| 000 | 00545nam a22001937a 4500 | ||
|---|---|---|---|
| 005 | 20250324160518.0 | ||
| 008 | 250324b |||||||| |||| 00| 0 eng d | ||
| 020 | _a9780128147610 | ||
| 041 | _aEng. | ||
| 082 | _a006.312 KOT | ||
| 100 | _aKotu, Vijay | ||
| 245 | _aData Science: Concepts and Practice | ||
| 250 | _a2nd | ||
| 260 |
_aCambridge _bElsevier / Morgan Kaufmann Publishers _c2019 |
||
| 300 | _a548;. P. 23 cm | ||
| 650 | _aData Mining; Consumer Behavior; Electronic Data Processing | ||
| 700 | _aDeshpande, Bala | ||
| 942 | _cBK | ||
| 999 |
_c43368 _d43368 |
||